00618nam a2200229Ia 4500001000900000003000500009005001700014008004100031010001100072020001800083040000900101082002300110100001900133245006400152260006100216300001500277504002900292650001200321650001600333650002800349650001100377dia_1431CHAP20251027145157.0220117s1980 xx 000 0 und d a171972 a0-85198-456-8 cCHAP a664.90913 M58 1980 aMitchell, J. R aGuide to meat inspection in the tropics /c J. R. Mitchell aInglaterra :b Commonwealth Agricultural Bureaux,c1980 avii, 95 p. aBibliografía: p. 87-88 aCarne  aFood safety aInocuidad alimentaria  aMeat